Моделирование пространственного теплопереноса в замкнутом объеме с локальнососредоточенными источниками тепловыделения; Известия Томского политехнического университета [Известия ТПУ]; Т. 306, № 6
| Parent link: | Известия Томского политехнического университета [Известия ТПУ]/ Томский политехнический университет (ТПУ).— , 2000- Т. 306, № 6.— 2003.— [С. 69-72] |
|---|---|
| Autor Principal: | |
| Outros autores: | |
| Summary: | Заглавие с титульного листа Электронная версия печатной публикации Решена пространственная нелинейная нестационарная задача теплопроводности для составного параллелепипеда с локально сосредоточенными источниками тепловыделения и неоднородными граничными условиями. Использован метод конечных разностей и неравномерная разностная сетка. Сделан вывод о существенной неоднородности температурных полей в сечениях, проходящих через источники тепловыделения. |
| Idioma: | ruso |
| Publicado: |
2003
|
| Series: | Технические науки |
| Subjects: | |
| Acceso en liña: | http://www.lib.tpu.ru/fulltext/v/Bulletin_TPU/2003/v306/i6/16.pdf |
| Formato: | MixedMaterials Electrónico Capítulo de libro |
| KOHA link: | https://koha.lib.tpu.ru/cgi-bin/koha/opac-detail.pl?biblionumber=167953 |
MARC
| LEADER | 00000nla2a2200000 4500 | ||
|---|---|---|---|
| 001 | 167953 | ||
| 005 | 20240117115434.0 | ||
| 035 | |a (RuTPU)RU\TPU\book\182216 | ||
| 035 | |a RU\TPU\book\182213 | ||
| 090 | |a 167953 | ||
| 100 | |a 20091022d2003 k y0rusy50 ca | ||
| 101 | 0 | |a rus | |
| 102 | |a RU | ||
| 135 | |a drnn ---uucaa | ||
| 181 | 0 | |a i | |
| 182 | 0 | |a b | |
| 200 | 1 | |a Моделирование пространственного теплопереноса в замкнутом объеме с локальнососредоточенными источниками тепловыделения |f Г. В. Кузнецов, М. А. Шеремет | |
| 203 | |a Текст |c электронный | ||
| 215 | |a 1 файл (303 Кб) | ||
| 225 | 1 | |a Технические науки | |
| 300 | |a Заглавие с титульного листа | ||
| 300 | |a Электронная версия печатной публикации | ||
| 320 | |a [Библиогр.: с. 72 (7 назв.)] | ||
| 330 | |a Решена пространственная нелинейная нестационарная задача теплопроводности для составного параллелепипеда с локально сосредоточенными источниками тепловыделения и неоднородными граничными условиями. Использован метод конечных разностей и неравномерная разностная сетка. Сделан вывод о существенной неоднородности температурных полей в сечениях, проходящих через источники тепловыделения. | ||
| 337 | |a Adobe Reader | ||
| 461 | 1 | |0 (RuTPU)RU\TPU\book\176237 |t Известия Томского политехнического университета [Известия ТПУ] |f Томский политехнический университет (ТПУ) |d 2000- | |
| 463 | 1 | |0 (RuTPU)RU\TPU\book\182122 |t Т. 306, № 6 |v [С. 69-72] |d 2003 |p 167 с. | |
| 610 | 1 | |a пространственный теплоперенос | |
| 610 | 1 | |a источники тепловыделения | |
| 610 | 1 | |a математическое моделирование | |
| 610 | 1 | |a теплопроводность | |
| 610 | 1 | |a метод конечных разностей | |
| 610 | 1 | |a неоднородность полей | |
| 610 | 1 | |a температурные поля | |
| 610 | 1 | |a труды учёных ТПУ | |
| 610 | 1 | |a электронный ресурс | |
| 700 | 1 | |a Кузнецов |b Г. В. |c специалист в области теплоэнергетики |c профессор Томского политехнического университета, доктор физико-математических наук |f 1949- |g Гений Владимирович |3 (RuTPU)RU\TPU\pers\25528 |9 11458 | |
| 701 | 1 | |a Шеремет |b М. А. |c физик |c профессор Томского политехнического университета, доктор физико-математических наук |f 1983- |g Михаил Александрович |3 (RuTPU)RU\TPU\pers\28001 |9 12990 | |
| 801 | 1 | |a RU |b 63413507 |c 20090623 |g PSBO | |
| 801 | 2 | |a RU |b 63413507 |c 20210521 |g PSBO | |
| 856 | 4 | |u http://www.lib.tpu.ru/fulltext/v/Bulletin_TPU/2003/v306/i6/16.pdf | |
| 942 | |c CF | ||